000 00272nam a2200121 a 4500
008 101022s1981|||| d
100 1 _aLenčo, Ján
245 1 0 _aRozpamätávanie
260 _bSmena
_aBratislava
_c1981
044 _axo
_cSK
020 _c35
041 _aslo
999 _c12108
_d12108